| 000 | 00937nam0a22002771 4500 | ||
|---|---|---|---|
| 001 | rc\2775743 | ||
| 005 | 20250806204750.0 | ||
| 035 | _a(NLR Aleph) 006902033 | ||
| 090 |
_a16209 _c16209 |
||
| 100 | _a20110915d1941 u y0rusy50 ca | ||
| 101 | 0 | _arus | |
| 102 | _aRU | ||
| 105 | _aa z ||||| | ||
| 200 | 1 |
_aБорьба в позиционных условиях _fГенерал-майор М. С. Князев |
|
| 205 | _a2-е изд., испр. и доп. | ||
| 210 |
_aМосква _cВоениздат _d1941 _eЛенинград |
||
| 215 |
_a208 с., 3 вкл. л. схем. _cсхем., ил. _d20 см. |
||
| 700 | 1 |
_aКнязев _bМ.С. _gМихаил Семенович |
|
| 801 | 0 |
_aRU _bNLR _gpsbo |
|
| 801 | 1 |
_aRU _bELAR _2rusmarc |
|
| 852 |
_aNLR _jВ10 Г-3/70 |
||
| 852 |
_aNLR _jВ40 Г-3/17 |
||
| 942 | _cBOOK | ||
| 945 | _aРоссийская национальная библиотека | ||
| 980 | _aNB | ||
| 980 | _aBV | ||